The New Austrian Architecture /

Salvato in:
Dettagli Bibliografici
Autori principali: Dimster, Frank (Autore), Steele, James, Jr (Autore)
Natura: Libro
Lingua:inglese
Pubblicazione: New York : Rizzoli International Publications, Inc., 1995
Edizione:1. vydanie
Soggetti:
Tags: Aggiungi Tag
Nessun Tag, puoi essere il primo ad aggiungerne!!

MARC

LEADER 00000nam a22000003a 4500
001 0108245
003 SK-STU
005 20240202103801.2
007 ta
008 240202s ----xo-----e------000-0-----d
020 |a 0-8478-1758-X 
040 |a STU  |b slo 
041 0 |a eng 
044 |a xxu 
100 1 |a Dimster, Frank  |4 aut 
245 1 0 |a The New Austrian Architecture /  |c aut. Frank Dimster, James Steele 
250 |a 1. vydanie 
260 |a New York :  |b Rizzoli International Publications, Inc.,  |c 1995 
300 |a 224 s. 
650 0 7 |a moderná architektúra 
650 0 7 |a 20. storočie 
650 0 7 |a architektúra rakúska 
650 0 7 |a architekti rakúski 
650 0 7 |a Loos Adolf 
650 0 7 |a Rainer, Roland 
650 0 7 |a Coop Himmelblau 
700 1 |a Steele, James, Jr.  |4 aut 
996 |b 284AU09912  |c A* 13280/U  |l AAKNAR  |s A  |a 24  |w 0108245_0001